000 00728nam a2200253 a 4500
001 65946
003 BD-RjUL
005 20211209081502.0
008 170313s1981 mnua 001 0 eng d
020 _a0829903577
035 _a(BD-RjUL)66076
040 _aDLC
_cDLC
_dDLC
_dBD-RjUL
_beng
041 _aeng
082 0 0 _223
_a005.133
_bDIU 1985
100 1 _aDidday, Richard L.
_9195033
245 1 0 _aUsing BASIC /
_cRich Didday and Rex Page.
260 _aSt. Paul :
_bWest Pub. Co.,
_cc1981.
300 _axv, 525 p. :
_bill. ;
_c25 cm.
500 _aIncludes index.
650 0 _aBASIC (Computer program language)
_9177088
700 1 _aPage, Rex ,
_ejoint author.
_9195034
942 _2ddc
_cBK
999 _c65946
_d65946